Napló 1943-1947
Elmentve itt :
| Szerző: | |
|---|---|
| Adatforrás: | Philobibl |
| Forrásdokumentuma: | Viglia 73.2008:3. p. 183-191. |
| Dokumentumtípus: | Cikk |
| Nyelv: | magyar |
| Megjelent: |
2008
|
| LEADER | 00278nab a2200109 c 4500 | ||
|---|---|---|---|
| 001 | bibPHI0033880 | ||
| 005 | 20200924123247.3 | ||
| 008 | 090327s2008 hu hun | ||
| 100 | 1 | |a Hamvas Béla | |
| 245 | 1 | 0 | |a Napló 1943-1947 |c Hamvas Béla |
| 260 | |a 2008 | ||
| 773 | 0 | |t Viglia |g 73.2008:3. p. 183-191. | |